Quiz One Piece #1 - Statistiques

Statistiques générales
  • Ce quiz a été pris 161 fois
    66 depuis la dernière actualisation
  • Le résultat moyen est 10 sur 15
Statistiques - réponses
Questions Réponses % Correct
Quel est le nom de la baleine que Brook rêve de revoir un jour ? Laboon
96%
Combien il y t-il de Supernovas ? 11
90%
Combien de frères et soeurs a Sanji ? 4
88%
Quel est le nom de la "Miss" accompagnant Mister 5 chez Baroque Works ? Miss Valentine
83%
Quel est le nom de la soeur adoptive de Nami ? Nojiko
79%
Quel est le nom de l'homme qui ressemble trais pour trais au premier avisde recherche de Sanji ? Duval
77%
Quel était le nom de la mère de Robin ? Nico Olvia
77%
En plus de Johnny quel est le nom du deuxième chasseur de prime, vielle connaissance de Zoro ? Yosaku
69%
Quel est le nom de la jeune blonde que rencontrent les Mugiwara dès leurarrivée sur Skypiéa ? Conis
67%
Quel est le nom du sabre blanc dont Zoro héritera de Kuina après sa mort ? Wado Ichimonji
63%
Quel est le nom du pigeon de Rob Lucci ? Hattori
58%
Comment s'appelle la "Miss" qui a mangé le fruit de la Taupe ? Merry Christmas
58%
Quel est le nom du courant vertical permettant aux Mugiwara de rejoindre l'Île Céleste ? Knock Up Stream
56%
Quel est le nom du cheval de Doc Q, le médecin de Barbe Noire ? Stronger
42%
L'attaque finale de Luffy contre Arlong est le "Gomu Gomu no ***" ? Ono
15%
Aucun quiz correspondant
Distribution des résultats
% des personnes avec chaque résultat
Percentile par nombre de réponses
Votre historique - résultats
Vous n’avez pas pris ce quiz depuis la dernière actualisation